Central Library OPAC University of Rajshahi

The nature and properties of soils / (Record no. 37569)

MARC details
000 -LEADER
fixed length control field 00797nam a2200277 a 4500
001 - CONTROL NUMBER
control field 37569
003 - CONTROL NUMBER IDENTIFIER
rucl marc code BD-RjUL
005 - DATE AND TIME OF LATEST TRANSACTION
control field 20211209052625.0
008 - FIXED-LENGTH DATA ELEMENTS--GENERAL INFORMATION
fixed length control field 150126s1984 nyua b 001 0 eng
020 ## - INTERNATIONAL STANDARD BOOK NUMBER
International Standard Book Number 0023133406
035 ## - SYSTEM CONTROL NUMBER
System control number (BD-RjUL)
040 ## - CATALOGING SOURCE
Original cataloging agency DLC
Transcribing agency DLC
Modifying agency DLC
Language of cataloging eng
041 ## - LANGUAGE CODE
Language code of text/sound track or separate title eng
082 00 - DEWEY DECIMAL CLASSIFICATION NUMBER
Classification number 631.4
Edition number 19
100 1# - MAIN ENTRY--PERSONAL NAME
Personal name Brady, Nyle C.
9 (RLIN) 115383
245 14 - TITLE STATEMENT
Title The nature and properties of soils /
Statement of responsibility, etc. Nyle C. Brady.
250 ## - EDITION STATEMENT
Edition statement 9th ed.
260 ## - PUBLICATION, DISTRIBUTION, ETC. (IMPRINT)
Place of publication, distribution, etc. New York :
Name of publisher, distributor, etc. Macmillan ;
Place of publication, distribution, etc. London :
Name of publisher, distributor, etc. Collier Macmillan,
Date of publication, distribution, etc. c1984.[Reprinted1988]
300 ## - PHYSICAL DESCRIPTION
Pagination xvii, 750 p. :
Illustrations ill., some col. ;
Size 25 cm.
504 ## - BIBLIOGRAPHY, ETC. NOTE
Bibliography, etc Includes bibliographies and index.
650 #0 - SUBJECT ADDED ENTRY--TOPICAL TERM
Topical term or geographic name as entry element Soil science.
9 (RLIN) 114987
Topical term or geographic name as entry element Soils.
9 (RLIN) 115384
942 ## - ADDED ENTRY ELEMENTS (KOHA)
Source of classification or shelving scheme Dewey Decimal Classification
Koha item type Books
Holdings
Lost status Source of classification or shelving scheme Damaged status Not for loan Permanent Location Current Location Shelving location Date acquired Total Checkouts Full call number Date last seen Copy number Koha item type Collection code Source of acquisition Cost, normal purchase price
  Dewey Decimal Classification     Central Library, University of Rajshahi Central Library, University of Rajshahi   20/07/1997   631.4 BRN 1984 06/12/2018 C-2 Books Non-fiction Ideal Lib., Dacca 180.00
  Dewey Decimal Classification   Not For Loan Institute of Biological Sciences (IBSc) Library Institute of Biological Sciences (IBSc) Library   26/01/2015   631.4 BRN 1988 26/01/2015 C-1 Books